Central Library and Information Centre
Sibsagar Girls' College, Sivasagar : Assam

ASPECTS OF THE NOVEL (Record no. 3494)

MARC details
000 -LEADER
fixed length control field 00423cam a2200181ua 4500
008 - FIXED-LENGTH DATA ELEMENTS--GENERAL INFORMATION
fixed length control field 160919n1988 II |||gr||||Z||||||eng
040 ## - CATALOGING SOURCE
Original cataloging agency MAIN
041 ## - LANGUAGE CODE
-- English
082 ## - DEWEY DECIMAL CLASSIFICATION NUMBER
Classification number 823 FOR
100 ## - MAIN ENTRY--PERSONAL NAME
Personal name FORSTER, E. M.
245 ## - TITLE STATEMENT
Title ASPECTS OF THE NOVEL
260 ## - PUBLICATION, DISTRIBUTION, ETC.
Place of publication, distribution, etc. LONDON
Name of publisher, distributor, etc. PENGUIN BOOKS
Date of publication, distribution, etc. 1988
300 ## - PHYSICAL DESCRIPTION
Extent 204:
Dimensions 20CM.
700 ## - ADDED ENTRY--PERSONAL NAME
Personal name FORSTER, E. M.,
Relator term AUTHOR.,
942 ## - ADDED ENTRY ELEMENTS (KOHA)
Koha item type Books
653 ## - INDEX TERM--UNCONTROLLED
Uncontrolled term English fiction
Holdings
Withdrawn status Lost status Damaged status Not for loan Collection code Home library Current library Shelving location Date acquired Full call number Barcode Date last seen Copy number Price effective from Koha item type Public note
        REFENG Central Library and Information Centre Sibsagar Girls College Central Library and Information Centre Sibsagar Girls College ENGLISH REFERENCE RACK 07.03.1985 823 FOR 11605 27.02.2020 1 27.02.2020 Books V
        TBENG Central Library and Information Centre Sibsagar Girls College Central Library and Information Centre Sibsagar Girls College ENGLISH BOOK RACK 07.03.1985 823 FOR 11606 27.02.2020 2 27.02.2020 Books V


Sibsagar Girl's College © 2020. All rights reserved.
Powered by Koha.
Maintained by Abhijit Borpuzari.